000 00200 a2200097 4500
001 7661
100 _aAhmed, S
245 _aAdibi-Dunya Khas Nuumb
260 _a
_bAcad Punjab
_c
090 _c6129
_d6129
942 _aNUST-CAE
_c
_c32633
999 _c242734
_d242734